Brawl Star - Lanceur - Statistiques

Statistiques générales
  • Ce quiz a été pris 906 fois
    80 depuis la dernière actualisation
  • Le résultat moyen est 7 sur 11
Statistiques - réponses
Rareté Brawler % Correct
Rare Bartaba
89%
Super Rare Dynamike
89%
Ultra-Légendaire Sirius
89%
Super Rare Tick
75%
Mythique Wally
69%
Épique Grom
63%
Épique Berry
58%
Mythique Juju
58%
Mythique Willow
55%
Épique Larry & Lawrie
48%
Mythique Monsieur M.
22%
Aucun quiz correspondant
Distribution des résultats
% des personnes avec chaque résultat
Percentile par nombre de réponses
Votre historique - résultats
Vous n’avez pas pris ce quiz depuis la dernière actualisation